Mensaje de intelectuales de Cuba, Granada, Nicaragua, Suriname, El Salvador, Guatemala y Puerto Rico a nuestros colegas de la América Latina y el Caribe /

Gespeichert in:
Bibliographische Detailangaben
1. Verfasser: Argekop, Terry
Weitere Verfasser: Alegría, Claribel, Alegría, Ricardo
Format: Text
Veröffentlicht: La Habana :
Schlagworte:
Tags: Tag hinzufügen
Keine Tags, Fügen Sie den ersten Tag hinzu!

MARC

LEADER 00000 a a2200000 04500
001 18206
003
040
090 |a 028300  
100 |a Argekop, Terry  
245 |a Mensaje de intelectuales de Cuba, Granada, Nicaragua, Suriname, El Salvador, Guatemala y Puerto Rico a nuestros colegas de la América Latina y el Caribe /  |c Terry Argekop 
260 |a La Habana :  
300 |a 5 p.  
650 |a IMPERIALISMO  
650 |a DICTADURA  
650 |a REVOLUCION  
650 |a MOVIMIENTOS DE LIBERACION NACIONAL  
650 |a INTERVENCION EXTRANJERA  
650 |a MILITARISMO  
650 |a INTELECTUALES  
700 |a Alegría, Claribel  
700 |a Alegría, Ricardo  
999 |c 1624  |d 1624